<?xml version="1.0" encoding="UTF-8"?>
<collection xmlns="http://www.loc.gov/MARC21/slim">
  <record>
    <leader>00000nam  2200000   4500</leader>
    <controlfield tag="001">INLIS000000000007618</controlfield>
    <controlfield tag="005">20221011104233</controlfield>
    <datafield tag="035" ind1="#" ind2="#">
      <subfield code="a">0010-1022000121</subfield>
    </datafield>
    <datafield tag="245" ind1="1" ind2="#">
      <subfield code="a">Extractive Metallurgy 1 :</subfield>
      <subfield code="b">Basic Thermodynamics And Kinetics /</subfield>
      <subfield code="c">Alain Vignes</subfield>
    </datafield>
    <datafield tag="100" ind1="1" ind2="#">
      <subfield code="a">VIGNES, Alain</subfield>
    </datafield>
    <datafield tag="300" ind1="#" ind2="#">
      <subfield code="a">xvi, 351 halaman :</subfield>
      <subfield code="b">gambar, tabel, grafik ;</subfield>
      <subfield code="c">17.5x24 cm</subfield>
    </datafield>
    <datafield tag="260" ind1="#" ind2="#">
      <subfield code="a">United States :</subfield>
      <subfield code="b">ISTE Ltd,</subfield>
      <subfield code="c">2011</subfield>
    </datafield>
    <datafield tag="020" ind1="#" ind2="#">
      <subfield code="a">978-1-84821-160-5</subfield>
    </datafield>
    <datafield tag="650" ind1="#" ind2="4">
      <subfield code="a">TITIPAN</subfield>
    </datafield>
    <controlfield tag="008">221011###########################0#eng##</controlfield>
    <datafield tag="990" ind1="#" ind2="#">
      <subfield code="a">234/TP-22</subfield>
    </datafield>
  </record>
</collection>
